02335cam a22005294i 4500003000900000005001700009008004100026020001800067035002700085040003300112049000900145082001900154100003100173245012600204264005100330300005900381336002100440337002500461338002300486504004800509504004500557504006200602505023800664526001000902526001000912526001000922526001000932526000800942526000800950526000800958526000800966526000800974526000800982526000800990630002700998630003501025700003501060700002901095910002801124942001401152949018501166994001401351596000601365999021101371980005501582952016801637PE-LiUPU20250731172835.0150825s2011 xxua rb 001 0 eng d a9780805440317 a(Sirsi) i9780805440317 aPE-LiUPUbspacPE-LiUPUerda aPRUA04a221.1bM432221 aMerril, Eugene H.,eautor.14aThe world and the Word :ban introduction to the Old Testament /cEugene H. Merrill, Mark F. Rooker, Michael A. Grisanti. 1aNashville, Tennessee :bB&H Academic,c[2011]. axv, 606 páginas :bilustraciones ;c27 centímetros atext2rdacontent aunmediated2rdamedia avolume2rdacarrier aÍndice de escrituras : páginas 573-606. aÍndice de nombres : páginas 563-572. aReferencias bibliográficas al final de cada capítulo.0 aIntroduction -- The world of the Old Testament -- The text of the Old Testament -- Approaches to the study of the Old Testament -- The Pentateuch -- The historical books -- The prophetic books -- The poetic books -- Epilogue -- Maps. aSEG42 aSEG41 aSEG40 aSEG39 aP94 aP87 aP86 aP85 aP77 aP76 aP35 4aBiblia.pA.T.vTextos. 4aBiblia.pA.T.xIntroducciones.1 aGrisanti, Michael A..,eautor.1 aRooker, Mark F.,eautor. accebjvqccced20150825 2ddccBOOK aPGT 221.1 M43wDEWEYc1i71482lCCODEBUL1mBULp25.00r0sYtBOOKu2015-8-25xTEOLOGIAPP850COMPRAo.CIRCNOTE. No olvidar cambiar la fecha de devolución!!!!!!!o.STAFF. Posgrado aC0bPEPRU a1 aPGT 221.1 M43wDEWEYc6960i71482d6960f2021-11-9g5lCCODEBUL1mBULp25.00q1r0sYtBOOKu2015-8-25xTEOLOGIAPP850COMPRAo.CIRCNOTE. No olvidar cambiar la fecha de devolución!!!!!!!o.STAFF. Posgrado 81gALBERTO SANCHEZ Responsable de Automatización r2025-12-02 00:00:00i6l0o221.1 M43p71482te1v30.00w2015-08-25xPGyBKzinventario-2023-12-13102ddc50708GENfP85aBULbBULcGENd2015-08-25eCOMPRAg25.00